00519pab a2200169 454500008004000000100002000040245005500060260000900115300001100124362001200135650001400147773004700161908000600208909001100214999001900225952010500244180718b2014 xxu||||| |||| 00| 0 eng d aKar, Ajit Kumar aCompetitive advantage through employee empowerment c2014 ap.1-6. aJan-Mar aEmployees aIndian Journal of Training and Development aN a104322 c104318d104318 00104070aIIPAbIIPAd2018-07-19hVolume no: 44, Issue no: 1pAR104782r2018-07-19w2018-07-19yAR